Największe miasta Polski na literę K - Statystyki

Ogólne statystyki
  • Ten quiz został rozwiązany 46 razy
  • Średni wynik to 9 z 15
Statystyki odpowiedzi
Liczba ludności
(stan na dzień 31 grudnia 2023 roku)
Odpowiedź % Poprawnych
804 237 Kraków
100%
279 119 Katowice
95%
183 147 Kielce
93%
43 614 Kołobrzeg
83%
105 905 Koszalin
83%
93 681 Kalisz
80%
67 596 Konin
68%
54 847 Kędzierzyn-Koźle
60%
44 198 Krosno
50%
41 009 Kutno
50%
25 296 Kętrzyn
43%
31 500 Kraśnik
30%
28 231 Krotoszyn
25%
37 011 Kwidzyn
23%
35 739 Knurów
15%
Nie znaleziono quizów pasujących do podanych kryteriów
Rozkład punktacji
Procent ludzi z każdym wynikiem
Percentyl według liczby udzielonych odpowiedzi
Twoja historia wyników
Nie rozwiązałeś tego quizu